000 00836cab a2200205 4500
001 ABS39432
008 090401t1988 xxu||||| |||| 00| 0 eng d
035 _a(Sirsi) u16670
041 _aeng
245 _aWhy DIY retailers are in the market for your sites
260 _c1988
350 _a0
490 _aProperty Confidential
_v(394) June 1988, 5-9(5)
520 _aReviews the market for the development of out-of-town retail warehouses , noting plans for growth by some of the larger traders such as B&Q, Payless, Halfords, Texas Homecare and W H Smith Do-It-All. Explains the site requirements of such traders. Concludes with details of yields for modern retail warehouses.
650 _aCLIVE LEWIS AND PARTNERS
650 _aRETAIL PARKS
690 _aPROPERTY-COMMERCIAL PROPERTY
942 _n0
948 _c04/03/1997
999 _c11006
_d11006